000 00310nam a22001337a 4500
008 170825b xxu||||| |||| 00| 0 eng d
020 _a095854410
041 _aeng
080 _a070
100 _a39
101 _a,ED
245 _aA NORTON GUIDE WRITING RESEARCH PAPERS
_cWALKER.M
942 _2udc
_cBK
999 _c25073
_d25073